Digital watermarking for digital media (Record no. 6850)
[ view plain ]
| 000 -LEADER | |
|---|---|
| fixed length control field | 01315 a2200217 4500 |
| 020 ## - INTERNATIONAL STANDARD BOOK NUMBER | |
| International Standard Book Number | 1591405181 |
| 020 ## - INTERNATIONAL STANDARD BOOK NUMBER | |
| International Standard Book Number | 1591405181 |
| 020 ## - INTERNATIONAL STANDARD BOOK NUMBER | |
| International Standard Book Number | 1591405181 |
| 022 ## - INTERNATIONAL STANDARD SERIAL NUMBER | |
| International Standard Serial Number | 1591405181 |
| 040 ## - CATALOGING SOURCE | |
| Original cataloging agency | DLC |
| Language of cataloging | DLC |
| 245 00 - TITLE STATEMENT | |
| Title | Digital watermarking for digital media |
| Statement of responsibility, etc. | Juergen Seitz, editor |
| 260 ## - PUBLICATION, DISTRIBUTION, ETC. | |
| Place of publication, distribution, etc. | Hershey, PA : |
| Name of publisher, distributor, etc. | Information Science Pub., |
| Date of publication, distribution, etc. | c2005. |
| 300 ## - PHYSICAL DESCRIPTION | |
| Extent | ix, 262 p. : |
| Other physical details | ill. ; |
| Dimensions | 26 cm. |
| 520 1# - SUMMARY, ETC. | |
| Summary, etc. | "Digital Watermarking for Digital Media discusses the new aspects of digital watermarking in a worldwide context. Approached not only from the technical side, but the business and legal sides as well, this book discusses digital watermarking as it relates to many areas of digital media. Broad in its approach, Digital Watermarking for Digital Media provides a comprehensive overview not provided by any texts. Students in information technology, law, multimedia design, and economics will all find valuable material here. But this book is not limited to only students. Artists, composers, lawyers, and publishers will all find value in this digital watermarking book."--BK JACKET. |
| 650 #0 - SUBJECT ADDED ENTRY--TOPICAL TERM | |
| Topical term or geographic name entry element | Computer security. |
| 650 #0 - SUBJECT ADDED ENTRY--TOPICAL TERM | |
| Topical term or geographic name entry element | Digital watermarking. |
| 650 #0 - SUBJECT ADDED ENTRY--TOPICAL TERM | |
| Topical term or geographic name entry element | Multimedia systems |
| General subdivision | Security measures. |
| 650 #0 - SUBJECT ADDED ENTRY--TOPICAL TERM | |
| Topical term or geographic name entry element | Intellectual property. |
| 700 1# - ADDED ENTRY--PERSONAL NAME | |
| Personal name | Seitz, Juergen, |
| Dates associated with a name | 1968- |
| 942 ## - ADDED ENTRY ELEMENTS (KOHA) | |
| Koha item type | Book |
| Call number prefix | 005.8 SEI |
| Source of classification or shelving scheme | |
| Withdrawn status | Lost status | Damaged status | Not for loan | Collection code | Permanent Location | Current Location | Shelving location | Date acquired | Source of acquisition | Cost, normal purchase price | Total Checkouts | Full call number | Barcode | Date last seen | Price effective from | Koha item type |
|---|---|---|---|---|---|---|---|---|---|---|---|---|---|---|---|---|
| Central Library (CL) | Central Library (CL) | First Floor - Artificial Intelligence/Data Mining | 05/10/2007 | Allied Book Company | 5533.04 | 005.8 SEI | SEECS008476 | 02/02/2020 | 01/05/2017 | Book |
